Mon coeur te dit je t'aime - Frédéric François : Paroles - Statistiques

Statistiques générales
  • Ce quiz a été pris 14 fois
  • Le résultat moyen est 165 sur 269
Statistiques - réponses
Paroles % Correct
a
100%
à
100%
coeur
100%
dit
100%
je
100%
mon
100%
ta
100%
te
100%
il
90%
le
90%
ne
90%
t'ai
90%
t'aime
90%
ça
80%
dire
80%
est
80%
et
80%
les
80%
ma
80%
me
80%
pas
80%
peu
80%
pour
80%
que
80%
toi
80%
de
70%
des
70%
en
70%
La
70%
la
70%
si
70%
un
70%
du
60%
moi
60%
60%
par
60%
quand
60%
ton
60%
tu
60%
c'est
50%
fois
50%
j'ai
50%
plus
50%
qu'il
50%
sait
50%
sans
50%
suis
50%
veux
50%
bat
40%
besoin
40%
chaque
40%
dans
40%
mais
40%
perdu
40%
rien
40%
sais
40%
tes
40%
trop
40%
encore
30%
fais
30%
faut
30%
jamais
30%
perdre
30%
près
30%
sur
30%
chambre
20%
grande
20%
j'en
20%
maison
20%
soir
20%
tête
20%
vide
20%
vis
20%
absence
10%
chante
10%
crie
10%
dois
10%
fil
10%
immense
10%
l'air
10%
m'attendais
10%
parfum
10%
reste
10%
surtout
10%
café
0%
chauffer
0%
couleur
0%
coup
0%
découvre
0%
défaite
0%
habitude
0%
hier
0%
jardin
0%
j'espérais
0%
lorsque
0%
lumière
0%
malgré
0%
manques
0%
m'éclairent
0%
m'oublies
0%
nouveau
0%
photos
0%
pleurer
0%
rentre
0%
retenir
0%
roses
0%
seulement
0%
solitude
0%
sonne
0%
souris
0%
s'ouvrir
0%
téléphone
0%
t'invente
0%
voyant
0%
yeux
0%
Aucun quiz correspondant
Distribution des résultats
% des personnes avec chaque résultat
Percentile par nombre de réponses
Votre historique - résultats
Vous n’avez pas pris ce quiz